000 00725nam a2200253Ia 4500
003 OSt
005 20220930072229.0
006 a|||||r|||| 00| 0
007 ta
008 220926b |||||||| |||| 00| 0 hin d
024 _a19172
037 _cTheses
040 _aCRL
_cCRL
_bhin
041 _2hin
_ahin
100 _aBanthiya Kusum
_9529553
110 _aUniversity of Delhi. Faculty of Arts. Department of Hindi
245 0 _aHindi mein vachya aur prayog
260 _c1982
650 _aHINDI LITERATURE
_923866
700 _a Dr. Sudha Kalra Gu.
700 _aUniversity of Delhi. Faculty of Arts. Department of Hindi
942 _cDIS
_2CC
999 _c863596
_d863596